000 00765cam a22002531 4500
001 8622
003 BD-RjUL
005 20211208234624.0
008 140119s1963 nyu 000 0 eng d
035 _a(BD-RjUL)8667
035 _a(OCoLC)756489
040 _aDLC
_cOClU
_dOCoLC
_dDLC
_dBD-RjUL
_beng
041 _aeng
082 _a338.954
_bMAA 1963
100 1 _aMahalanobis, P. C.
_q(Prasanta Chandra),
_d1893-1972.
_926847
245 1 4 _aThe approach of operational research to planning in India /
260 _aNew York :
_aLondon ;
_bAsia Pub. House,
_cc1963
300 _avi, 168 p.
_c24 cm.
490 0 _aIndian statistical series,
_vno. 18
651 0 _aIndia
_xEconomic policy.
_926848
942 _2ddc
_cBK
999 _c8622
_d8622